满洲里-绥芬河铁路所有客运车站 Manzhouli-Suifenhe Railway stations - Statistics

General Stats
  • This quiz has been taken 34 times
  • The average score is 37 of 70
Answer Stats
地市 线路 车站 % Correct
哈尔滨 交汇中心 哈尔滨
100%
呼伦贝尔 滨洲铁路 满洲里
96%
呼伦贝尔 滨洲铁路 海拉尔
96%
齐齐哈尔 哈齐客专 齐齐哈尔
96%
大庆 滨洲铁路 大庆
96%
牡丹江 滨绥/哈牡 牡丹江
91%
牡丹江 滨绥铁路 绥芬河
91%
大庆 哈齐/滨洲 大庆西
87%
齐齐哈尔 哈齐客专 齐齐哈尔南
83%
哈尔滨 哈齐/滨洲 哈尔滨北
83%
呼伦贝尔 滨洲铁路 牙克石
78%
呼伦贝尔 滨洲铁路 扎兰屯
78%
大庆 哈齐/滨洲 大庆东
78%
绥化 哈齐/滨洲 安达
78%
绥化 哈齐/滨洲 肇东
78%
大庆 哈齐/滨洲 杜尔伯特
74%
哈尔滨 滨绥铁路 阿城
70%
哈尔滨 滨绥铁路 亚布力
70%
齐齐哈尔 滨洲铁路 富拉尔基
65%
齐齐哈尔 滨洲铁路 昂昂溪
65%
哈尔滨 滨绥铁路 尚志
65%
牡丹江 滨绥铁路 海林
65%
呼伦贝尔 滨洲铁路 扎赉诺尔西
61%
绥化 滨洲铁路
61%
呼伦贝尔 滨洲铁路 成吉思汗
57%
哈尔滨 哈牡客专 尚志南
57%
牡丹江 滨绥铁路 横道河子
57%
齐齐哈尔 滨洲铁路 龙江
52%
哈尔滨 滨绥铁路 香坊
52%
哈尔滨 哈牡客专 阿城北
52%
哈尔滨 滨绥铁路 一面坡
52%
哈尔滨 哈牡客专 亚布力西
52%
牡丹江 哈牡客专 海林北
52%
牡丹江 滨绥铁路 穆棱
52%
齐齐哈尔 滨洲铁路 碾子山
48%
哈尔滨 哈牡客专 新香坊北
48%
哈尔滨 哈牡客专 帽儿山西
48%
哈尔滨 滨绥铁路 帽儿山
48%
哈尔滨 哈牡客专 一面坡北
48%
牡丹江 哈牡客专 横道河子东
48%
呼伦贝尔 滨洲铁路 博克图
43%
哈尔滨 滨绥铁路 苇河
43%
哈尔滨 哈牡客专 苇河西
43%
呼伦贝尔 滨洲铁路 大雁
39%
呼伦贝尔 滨洲铁路 免渡河
39%
呼伦贝尔 滨洲铁路 兴安岭
39%
哈尔滨 滨绥铁路 成高子
39%
哈尔滨 滨绥铁路 玉泉
39%
哈尔滨 滨绥铁路 平山
39%
牡丹江 滨绥铁路 山市
39%
牡丹江 滨绥铁路 绥阳
39%
呼伦贝尔 滨洲铁路 嵯岗
35%
呼伦贝尔 滨洲铁路 完工
35%
呼伦贝尔 滨洲铁路 沟口
35%
哈尔滨 滨洲铁路 对青山
35%
呼伦贝尔 滨洲铁路 扎罗木得
30%
呼伦贝尔 滨洲铁路 哈克
26%
呼伦贝尔 滨洲铁路 乌奴耳
26%
呼伦贝尔 滨洲铁路 雅鲁
26%
呼伦贝尔 滨洲铁路 喇嘛山
26%
呼伦贝尔 滨洲铁路 巴林
26%
呼伦贝尔 滨洲铁路 南木
26%
呼伦贝尔 滨洲铁路 哈拉苏
26%
齐齐哈尔 滨洲铁路 虎尔虎拉
26%
哈尔滨 滨洲铁路 万乐
26%
牡丹江 滨绥铁路 拉古
26%
呼伦贝尔 滨洲铁路 乌固诺尔
22%
呼伦贝尔 滨洲铁路 赫尔洪得
17%
牡丹江 滨绥铁路 敖头
17%
牡丹江 滨绥铁路 磨刀石
17%
No matching quizzes found
Score Distribution
Percent of People with Each Score
Percentile by Number Answered
Your Score History
You have not taken this quiz